| 000 | 00533nam a2200181 i 4500 | ||
|---|---|---|---|
| 001 | 34298 | ||
| 003 | ES-MaACL | ||
| 005 | 20250712032635.0 | ||
| 007 | t| | ||
| 008 | 030204s1919 sp ||||1| spa d | ||
| 100 | 1 |
_aBlasco Ibáñez, Vicente, _d1867-1928 _929388 |
|
| 245 | 1 | 0 |
_aEn el país del arte _b: tres meses en Italia / _cVicente Blasco Ibáñez. |
| 260 |
_aValencia : _bPrometeo, _c[1919] |
||
| 300 |
_a295 p. ; _c19 cm. |
||
| 651 |
_aItalia- _xDescripción. _98861 |
||
| 852 |
_aES-MaACL _jB-6027 |
||
| 999 |
_c34298 _d34298 |
||